000
00279 a2200157 4500
001
160510
020
_a
040
_c
Magnum
100
_a
Lins, Guto
240
1
0
_a
Cade ?
_l
por
245
1
0
_a
Cade ?
362
0
_a
1899
440
1
_a
FTD
697
_a
I/GERAL
942
_c
BK
999
_c
160510
_d
160510